000 00348 a2200169 4500
001 175439
020 _a85-08-05470-X
040 _cMagnum
100 _aPaulino, Wilson Roberto
240 1 0 _aBiologia atual 2
_lpor
245 1 0 _aBiologia atual 2
300 _a439
362 0 _a2000
440 1 _aÁtica
697 _aBIOLOGIA
942 _cBK
999 _c175439
_d175439